000 00919nac a22002657a 4500
001 BR0003733
003 BR-BrBNA
005 20240105122444.0
008 230509b bl.|||m| |||| 00| 0 por d
040 _aBR-BrBNA
_bpor
_cBiblioteca Nacional de Agricultura
072 _aF01
090 _a2322 BR0003733
100 1 _aMiranda, E.M. de
110 1 _aCentro de Pesquisa Agroflorestal do Acre, Rio Branco (Brasil)
245 1 _aManejo de capoeira com alta densidade de pimenta longa (Piper hispidinervum)em area de assentamento extrativista no acre
260 3 _aRio Branco, AC (Brasil):
_c1998.
300 _a4 p.
490 _aPesquisa em Andamento - Centro de Pesquisa Agroflorestal do Acre (Brazil)
_vno. 123
_xISSN 0101-6075
650 _aPimenta Longa
650 _aOleo Essencial
650 _aCapoeira
650 _aAcre
909 _a202312
_bLúcia Elande
_c55
_dLúcia Elande
942 _2AGRIS
_n0
_cMS
999 _c291130
_d291130